[Event "RUS-Cup6"]
[Site "Krasnodar"]
[Date "1997.??.??"]
[Round "2"]
[White "Kalichkin, Igor"]
[Black "Savenko, Alexei"]
[Result "0-1"]
[WhiteElo "2425"]
[BlackElo "2255"]
[PlyCount "71"]
[EventDate "1997.03.11"]
[EventType "swiss"]
[EventRounds "9"]
[EventCountry "RUS"]
[SourceTitle "EXT 2000"]
[Source "ChessBase"]
[SourceDate "1999.11.16"]
[SourceVersion "1"]
[SourceVersionDate "1999.11.16"]
[SourceQuality "1"]

1. f4 d5 2. Nf3 Nf6 3. e3 c5 4. b3 g6 5. Bb2 Bg7 6. Bb5+ Nbd7 7. 0-0 0-0 8. c4 a6 9. Bxd7 Bxd7 10. Qe2 Bg4 11. h3 Bxf3 12. Qxf3 dxc4 13. bxc4 Qd3 14. Rc1 Ne4 15. Bxg7 Kxg7 16. Qf1 Rad8 17. Rd1 Rd6 18. Qxd3 Rxd3 19. Kf1 Rfd8 20. Ke2 Ng3+ 21. Kf3 Nf5 22. a3 h5 23. g4 hxg4+ 24. hxg4 Nd4+ 25. Kf2 Nc6 26. Rh1 Na5 27. Rc1 Nc6 28. Rh1 e5 29. f5 Na5 30. Rc1 gxf5 31. gxf5 Kf6 32. e4 Rh3 33. Kg2 Rdh8 34. Nc3 Rh2+ 35. Kf1 Rxd2 36. Ke1 0-1

[Event "RUS-ch sf"]
[Site "Krasnodar"]
[Date "1997.??.??"]
[Round "?"]
[White "Savenko, Alexei"]
[Black "Kalichkin, Igor"]
[Result "1-0"]
[WhiteElo "2255"]
[BlackElo "2425"]
[PlyCount "31"]
[EventDate "1997.??.??"]
[EventType "swiss"]
[EventRounds "9"]
[EventCountry "RUS"]
[SourceTitle "EXT 2000"]
[Source "ChessBase"]
[SourceDate "1999.11.16"]
[SourceVersion "1"]
[SourceVersionDate "1999.11.16"]
[SourceQuality "1"]

1. c4 Nf6 2. Nc3 c5 3. g3 Nc6 4. Bg2 d6 5. e4 g6 6. Nge2 Bg7 7. 0-0 0-0 8. d3 Rb8 9. h3 a6 10. Be3 b5 11. cxb5 axb5 12. d4 Nxd4 13. Nxd4 cxd4 14. Bxd4 Be6 15. Re1 Ra8 16. e5 1-0

[Event "RUS-Cup6"]
[Site "Krasnodar"]
[Date "1997.??.??"]
[Round "1"]
[White "Savenko, Alexei"]
[Black "Nadyrhanov, Sergey"]
[Result "0-1"]
[WhiteElo "2255"]
[BlackElo "2480"]
[PlyCount "110"]
[EventDate "1997.03.11"]
[EventType "swiss"]
[EventRounds "9"]
[EventCountry "RUS"]
[SourceTitle "EXT 2000"]
[Source "ChessBase"]
[SourceDate "1999.11.16"]
[SourceVersion "1"]
[SourceVersionDate "1999.11.16"]
[SourceQuality "1"]

1. c4 e5 2. Nc3 Nf6 3. Nf3 Nc6 4. e4 Bc5 5. Nxe5 Nxe5 6. d4 Bb4 7. dxe5 Nxe4 8. Qd4 Nxc3 9. bxc3 Be7 10. Be2 0-0 11. 0-0 d6 12. Bf4 Be6 13. Rfd1 Qc8 14. exd6 cxd6 15. Bxd6 Bxd6 16. Qxd6 Bxc4 17. Bxc4 Qxc4 18. Qb4 Qc7 19. c4 b6 20. Rac1 Rad8 21. Re1 Rfe8 22. g3 h6 23. Qb5 Re7 24. Qb4 Rxe1+ 25. Rxe1 Rd4 26. Rc1 Qc6 27. Qc3 Qc5 28. Qe3 Rxc4 29. Qxc5 Rxc5 30. Rd1 Rc2 31. a4 Rc7 32. Rd8+ Kh7 33. Ra8 Kg6 34. Kg2 Kf5 35. Kf3 Ke5 36. Ke3 h5 37. h3 g6 38. h4 Kd5 39. Kd3 Re7 40. f3 Kc5 41. Rc8+ Kb4 42. Rc4+ Kb3 43. Rf4 a5 44. g4 b5 45. gxh5 gxh5 46. axb5 a4 47. Rf5 a3 48. b6 a2 49. Ra5 Rb7 50. Ra6 Kb2 51. Kc4 a1Q 52. Rxa1 Kxa1 53. Kc5 Kb2 54. Kc6 Rb8 55. Kc7 Rg8 0-1

[Event "RUS-Cup6"]
[Site "Krasnodar"]
[Date "1997.??.??"]
[Round "8"]
[White "Volkov, Sergey"]
[Black "Savenko, Alexei"]
[Result "1/2-1/2"]
[WhiteElo "2480"]
[BlackElo "2255"]
[PlyCount "121"]
[EventDate "1997.03.11"]
[EventType "swiss"]
[EventRounds "9"]
[EventCountry "RUS"]
[SourceTitle "EXT 2000"]
[Source "ChessBase"]
[SourceDate "1999.11.16"]
[SourceVersion "1"]
[SourceVersionDate "1999.11.16"]
[SourceQuality "1"]

1. d4 Nf6 2. c4 c5 3. d5 b5 4. cxb5 a6 5. f3 axb5 6. e4 Qa5+ 7. b4 Qxb4+ 8. Bd2 Qa4 9. Qc1 b4 10. Qxc5 Na6 11. Qd4 e6 12. d6 Qc6 13. e5 Nd5 14. Bc4 Bb7 15. a3 f6 16. exf6 Nxf6 17. axb4 Qxd6 18. Qxd6 Bxd6 19. b5 Nb4 20. Rxa8+ Bxa8 21. Nh3 Ke7 22. 0-0 Rc8 23. Rc1 Nbd5 24. Nf2 Nb6 25. Be2 Rxc1+ 26. Bxc1 Bc5 27. Nd2 d5 28. Nb3 Bd6 29. Be3 Nfd7 30. Bg5+ Kf7 31. Bd3 g6 32. h4 Be7 33. Nh3 e5 34. Kf2 Nc5 35. Nxc5 Bxc5+ 36. Ke2 e4 37. Bc2 Nc4 38. fxe4 Nd6 39. exd5 Nxb5 40. Be4 Nc7 41. Kd3 Bxd5 42. Bxd5+ Nxd5 43. Kc4 Ne3+ 44. Kxc5 Nxg2 45. Kd6 h6 46. Bd8 g5 47. hxg5 hxg5 48. Bxg5 Kg6 49. Ke5 Kh5 50. Bd2 Kg4 51. Ng5 Nh4 52. Ke4 Nf5 53. Nf7 Ng3+ 54. Ke5 Kf3 55. Ng5+ Kg4 56. Ne6 Kf3 57. Nd4+ Kg4 58. Be1 Nf1 59. Nf5 Kf3 60. Ba5 Kg4 61. Bc7 1/2-1/2